000 00541 a2200193 4500
001 63213
005 20260407155928.0
008 260407a1968 arg spa d
003 AR-UNSa-BCEJYS
040 _aAR-UNSa-BCEJYS
_bspa
_cAR-UNSa-BCEJYS
080 _a510.6
_xLógica matemática
245 1 0 _aDerecho, lógica, matemática
264 1 _aBuenos Aires :
_bCentro Editor de America Latina
_c1968
300 _a62 p.
_c20 cm.
041 _aspa
942 _cBK
590 _aniveau_biblio:m niveau_hierar:0
100 1 _aFiedler, Herbert
999 _c8054
_d8054